000 00611na a2200229 4500
001 13303
003 MIRAKIL
005 20181213154802.0
008 160826b tu 000 0
035 _a13303
040 _aMilas
_btur
_cTR-AnCHP
082 _aATA 956.101543
_bC65z 1959
090 _aATA 956.101543 C65z 1959
100 _aConker, Nuri
245 _aZabit ve kumandan
_cNuri Conker
260 _aAnkara
_b[yayl.y.]
_c1959
300 _a76 s.
_c21 sm.
600 _aAtatürk, Mustafa Kemal
_d1881-1938
650 _aSavaş sanatı
650 _aBalkan Savaşları
_xKomutan
942 _2ddc
_cBKS
999 _c814
_d814